People places : design guidelines for urban open spaces

Bibliographic Details
Other Authors: Marcus, Clare Cooper (Editor), Francis, Carolyn (Editor)
Format: Book
Published: New York : Van Nostrand Reinhold , 1990
Subjects:

MARC

LEADER 00000cam a2200000 7i4500
001 0000000163
002 000000222
005 20000330.0
020 |a 0442319290 
090 0 0 |a 711.4   |b PEO 
245 0 0 |a People places :   |b design guidelines for urban open spaces   |c edited by Clare Cooper Marcus and Carolyn Fraucis 
260 |a New York :   |b Van Nostrand Reinhold ,   |c 1990 
300 |a 295p. ;   |c 29cm. 
650 0 0 |a Plazas   |z United States 
700 0 |a Marcus, Clare Cooper ,   |e editor 
700 1 |a Francis, Carolyn ,   |e editor 
999 |a 027478   |b BUKU   |c PINJAMAN   |e PERPUSTAKAAN KOMUNITI PETALING JAYA